000 00508nam a22001577a 4500
003 NUST
005 20221201094025.0
020 _a9780316212182
082 _a364.168092,MIT
100 _aMitnick, Kevin
_9103860
245 _aGhost in th Wires /
_cKevin Mitnick
260 _aBack Bay Books
_bNew York
_c2011
300 _a547 p
505 _aPart I: The making of a hacker (Page-3), Part II: Eric (Page-147), Part III: On the run (Page-289), Part IV: An end and a beginning (Page-427),
942 _2ddc
_cBK
999 _c592544
_d592544